[Event "Zhukovsky op-A 05"]
[Site "Zhukovsky"]
[Date "2009.05.??"]
[Round "5"]
[White "Galakhov, Anatoly N"]
[Black "Kuzakhmedov, Rashid"]
[Result "1-0"]
[WhiteElo "2059"]
[BlackElo "1989"]
[PlyCount "28"]
[EventDate "2009.05.??"]
[EventType "swiss"]
[EventRounds "9"]
[EventCountry "RUS"]
[SourceTitle "EXT 2012"]
[Source "ChessBase"]
[SourceDate "2011.11.24"]
[SourceVersion "1"]
[SourceVersionDate "2011.11.24"]
[SourceQuality "1"]

1. e4 e6 2. d4 d5 3. Nc3 Nf6 4. Bg5 Be7 5. e5 Nfd7 6. Bxe7 Qxe7 7. Qg4 0-0 8. Bd3 a6 9. Nh3 c5 10. Bxh7+ Kxh7 11. Ng5+ Kg6 12. Nxe6+ Kh6 13. Qxg7+ Kh5 14. Nf4+ Kh4 1-0

[Event "Zhukovsky op-A 05"]
[Site "Zhukovsky"]
[Date "2009.05.??"]
[Round "9"]
[White "Klinko, Petr N"]
[Black "Galakhov, Anatoly N"]
[Result "0-1"]
[WhiteElo "2080"]
[BlackElo "2059"]
[PlyCount "100"]
[EventDate "2009.05.??"]
[EventType "swiss"]
[EventRounds "9"]
[EventCountry "RUS"]
[SourceTitle "EXT 2012"]
[Source "ChessBase"]
[SourceDate "2011.11.24"]
[SourceVersion "1"]
[SourceVersionDate "2011.11.24"]
[SourceQuality "1"]

1. e4 e5 2. Nf3 Nf6 3. Nc3 Nc6 4. d4 exd4 5. Nxd4 Bb4 6. Bg5 h6 7. Nxc6 bxc6 8. Bh4 g5 9. Bg3 Nxe4 10. Qd4 Bxc3+ 11. bxc3 0-0 12. Bd3 d5 13. 0-0 Bf5 14. Qe5 Nxg3 15. Qxg3 Bxd3 16. cxd3 Qd6 17. f4 f6 18. d4 Rab8 19. Rf2 c5 20. Rd1 cxd4 21. Rxd4 Rb1+ 22. Rf1 Rxf1+ 23. Kxf1 c5 24. Ra4 Rf7 25. f5 Qxg3 26. hxg3 h5 27. Ra5 Rc7 28. Kf2 Kf7 29. Ke3 Ke7 30. a4 Kd6 31. Ra6+ Ke5 32. Kf3 Kxf5 33. Ra5 Ke5 34. Rb5 d4 35. cxd4+ Kxd4 36. Ke2 c4 37. Kd2 c3+ 38. Kc2 Rc6 39. a5 a6 40. Rb4+ Ke3 41. Rb6 Rc5 42. Rxa6 Kf2 43. Rxf6+ Kxg2 44. a6 Kxg3 45. a7 Ra5 46. Rf7 Ra3 47. Rc7 Kg2 48. Rc5 g4 49. Rxh5 Rxa7 50. Kxc3 Rd7 0-1

[Event "Zhukovsky op-A 05"]
[Site "Zhukovsky"]
[Date "2009.05.??"]
[Round "8"]
[White "Mokhov, Anatoly"]
[Black "Galakhov, Anatoly N"]
[Result "1/2-1/2"]
[WhiteElo "1985"]
[BlackElo "2059"]
[PlyCount "97"]
[EventDate "2009.05.??"]
[EventType "swiss"]
[EventRounds "9"]
[EventCountry "RUS"]
[SourceTitle "EXT 2012"]
[Source "ChessBase"]
[SourceDate "2011.11.24"]
[SourceVersion "1"]
[SourceVersionDate "2011.11.24"]
[SourceQuality "1"]

1. d4 d5 2. c4 c6 3. e3 Nf6 4. Nf3 e6 5. a3 Nbd7 6. Bd3 dxc4 7. Bxc4 b5 8. Be2 Bb7 9. 0-0 a6 10. Nc3 Bd6 11. Qc2 Rc8 12. e4 e5 13. Bg5 Qc7 14. Bxf6 Nxf6 15. dxe5 Bxe5 16. Nxe5 Qxe5 17. f4 Qd4+ 18. Kh1 0-0 19. Rad1 Qb6 20. Bf3 Rfd8 21. Qe2 Rxd1 22. Rxd1 Rd8 23. g3 Qc7 24. Rxd8+ Qxd8 25. e5 Nd5 26. Nxd5 cxd5 27. Qd3 Qd7 28. Be4 Qc6 29. Qd2 Qc4 30. Bg2 d4 31. Kg1 Bxg2 32. Kxg2 g6 33. Kf2 Qd5 34. Qd3 Qc4 35. Ke2 Kf8 36. Kd2 a5 37. g4 Qd5 38. h3 Qg2+ 39. Kc1 Qc6+ 40. Kb1 Qc4 41. Qe4 d3 42. Qa8+ Kg7 43. Qd8 Qxf4 44. Qxd3 Qxe5 45. Qd8 Qe1+ 46. Ka2 Qe6+ 47. Ka1 Qe1+ 48. Ka2 a4 49. Qd4+ 1/2-1/2